| 000 | 00347nam a2200109Ia 4500 | ||
|---|---|---|---|
| 008 | 200302s9999 xx 000 0 und d | ||
| 100 | _aAlex Sanchez Vidiella | ||
| 245 | _aGreen Living/Sustainable Houses I des Maisons Ecologiquement Durables Unweltvrtragliche Houser I Duurzame woningen | ||
| 260 | _bBooqs/Belgium | ||
| 260 | _c2009 | ||
| 300 | _a619 | ||
| 999 |
_c3652 _d3652 |
||